|
|
|
|
| LEADER |
02101nam a2200301 a 4500 |
| 001 |
0017174 |
| 003 |
BD-DhAAL |
| 008 |
090618s2003 caua b s001 0 eng d |
| 010 |
|
|
|a 2002027173
|
| 020 |
|
|
|a 0520233344 (alk. paper)
|
| 040 |
|
|
|a DLC
|c DLC
|d DLC
|d BD-DhAAL
|
| 082 |
0 |
0 |
|a 709.171709049
|2 21
|
| 245 |
0 |
0 |
|a Postmodernism and the postsocialist condition :
|b politicized art under late socialism /
|c edited by Aleš Erjavec ; with a foreword by Martin Jay and contributions by Boris Groys ... [et al.].
|
| 260 |
|
|
|a Berkeley :
|b University of California Press,
|c c2003.
|
| 300 |
|
|
|a xix, 297 p. :
|b ill. (some col.) ;
|c 26 cm
|
| 504 |
|
|
|a Includes bibliographical references and index.
|
| 505 |
8 |
|
|a Machine generated contents note: List of Illustrations vii -- Acknowledgments xiii MARTIN JAY Foreword xv --ALES ERJAVEC Introduction i --BORIS GROYS The Other Gaze: Russian Unofficial Art's -- View of the Soviet World 55 --MISKO SUVAKOVIC Art as a Political Machine: Fragments on -- the Late Socialist and Postsocialist Art of -- Mitteleuropa and the Balkans 90 --ALES ERJAVEC Neue Slowenische Kunst-New -- Slovenian Art: Slovenia, Yugoslavia, -- Self-Management, and the 198os 135 --PETER GYORGY Hungarian Marginal Art in the Late -- Period of State Socialism 175 --GERARDO MOSQUERA The New Cuban Art 208 --GAO MINGLU Post-Utopian Avant-Garde Art in -- China 247 List of Contributors 285 -- Index 287.
|
| 526 |
|
|
|a ENH
|x Prof. Syed Manzoorul Islam
Faculty Member of BRAC University
|
| 541 |
1 |
|
|e 00017174
|a Friends' Book Corner
|
| 650 |
|
0 |
|a Postmodernism.
|
| 650 |
|
0 |
|a Socialism and art.
|9 58331
|
| 650 |
|
0 |
|a Art
|x Political aspects.
|9 57176
|
| 700 |
1 |
|
|a Erjavec, Aleš.
|9 58332
|
| 700 |
1 |
|
|a Groĭs, Boris.
|9 58333
|
| 852 |
4 |
|
|a Ayesha Abed Library
|c General Stacks
|j
|
| 942 |
|
|
|2 ddc
|c BK
|
| 999 |
|
|
|c 949
|d 949
|
| 952 |
|
|
|0 0
|1 0
|2 ddc
|4 0
|6 709_171709049000000_POS_2003
|7 0
|9 9047
|a BRACUL
|b BRACUL
|c GEN
|d 2010-04-07
|e Friends' Book Corner
|g 2118.00
|l 2
|o 709.171709049 POS
|p 3010017174
|r 2018-11-06
|s 2018-07-29
|t 1
|w 2010-04-07
|y BK
|x Requisitioned by Prof. Syed Manzoorul Islam (Faculty Member of BRAC University).
|